000 00417nam a22001697a 4500
003 OSt
005 20220215152335.0
008 220215b |||||||| |||| 00| 0 eng d
020 _a978-0-34081-340-9
040 _aDDC
_cHU
082 _26TH
_a617.98
_b1
100 _aSPITZ LEWIS
_930566
245 _aOPERATIVE PEDIATRIC SURGERY
250 _a6TH
260 _aLONDON
_bHODDER ARNOLD
_c2006
942 _2ddc
_cBOOKS
_n0
999 _c30428
_d30428